[Event "Moscow Open A,B"]
[Site "?"]
[Date "2017.01.29"]
[Round "2.8"]
[White "Predke, Alexandr"]
[Black "Ofitserian, Boris"]
[Result "1/2-1/2"]
[BlackElo "2365"]
[WhiteElo "2573"]
[LiveChessVersion "1.4.8"]

1. d4 {[%clk 1:30:45]} Nf6 {[%clk 1:30:42]} 2. Nf3 {[%clk 1:31:02]} g6
{[%clk 1:30:52]} 3. g3 {[%clk 1:31:19]} Bg7 {[%clk 1:31:02]} 4. Bg2
{[%clk 1:31:43]} O-O {[%clk 1:30:41]} 5. O-O {[%clk 1:32:05]} d5 {[%clk 1:23:28]}
6. c4 {[%clk 1:32:28]} c6 {[%clk 1:22:51]} 7. Qb3 {[%clk 1:31:26]} a5
{[%clk 1:18:45]} 8. Nc3 {[%clk 1:21:27]} a4 {[%clk 1:12:12]} 9. Qb4
{[%clk 1:21:51]} dxc4 {[%clk 1:09:32]} 10. Qxc4 {[%clk 1:21:33]} b5
{[%clk 1:02:38]} 11. Qd3 {[%clk 1:21:57]} b4 {[%clk 1:00:33]} 12. Ne4
{[%clk 1:22:17]} Ba6 {[%clk 0:57:51]} 13. Nxf6+ {[%clk 1:21:06]} Bxf6
{[%clk 0:58:11]} 14. Qc2 {[%clk 1:14:46]} Nd7 {[%clk 0:53:51]} 15. Bh6
{[%clk 1:10:10]} Re8 {[%clk 0:53:46]} 16. Rfd1 {[%clk 1:01:35]} Qb6
{[%clk 0:44:15]} 17. e4 {[%clk 0:48:11]} c5 {[%clk 0:31:45]} 18. Bh3
{[%clk 0:40:48]} e6 {[%clk 0:29:09]} 19. d5 {[%clk 0:38:33]} Ne5 {[%clk 0:26:24]}
20. Nxe5 {[%clk 0:38:45]} Bxe5 {[%clk 0:26:50]} 21. dxe6 {[%clk 0:38:36]} fxe6
{[%clk 0:27:10]} 22. Be3 {[%clk 0:28:41]} Rac8 {[%clk 0:20:12]} 23. Qxa4
{[%clk 0:25:39]} Bxb2 {[%clk 0:20:15]} 24. Rab1 {[%clk 0:26:03]} Bc3
{[%clk 0:19:39]} 25. Rdc1 {[%clk 0:21:12]} Qc6 {[%clk 0:14:36]} 26. Qxc6
{[%clk 0:16:59]} Rxc6 {[%clk 0:15:00]} 27. a3 {[%clk 0:17:28]} Bd3
{[%clk 0:12:03]} 28. axb4 {[%clk 0:17:20]} Bxb1 {[%clk 0:12:22]} 29. Rxc3
{[%clk 0:16:52]} Bxe4 {[%clk 0:12:38]} 30. Bxc5 {[%clk 0:16:41]} Rd8
{[%clk 0:10:04]} 31. Rc1 {[%clk 0:14:15]} Rdc8 {[%clk 0:08:31]} 32. Bg2
{[%clk 0:13:05]} Bxg2 {[%clk 0:07:44]} 33. Kxg2 {[%clk 0:13:31]} e5
{[%clk 0:06:04]} 34. Kf3 {[%clk 0:12:16]} Kf7 {[%clk 0:06:23]} 35. Ke4
{[%clk 0:12:12]} Ke6 {[%clk 0:06:44]} 36. h4 {[%clk 0:12:04]} h5 {[%clk 0:05:36]}
37. f4 {[%clk 0:11:09]} exf4 {[%clk 0:04:48]} 38. gxf4 {[%clk 0:11:16]} Kf7
{[%clk 0:02:17]} 39. Rc3 {[%clk 0:09:48]} Re6+ {[%clk 0:02:07]} 40. Kf3
{[%clk 0:39:29]} Rec6 {[%clk 0:32:13]} 41. Rc4 {[%clk 0:35:18]} Kf6
{[%clk 0:32:00]} 42. Rc2 {[%clk 0:32:36]} Kf7 {[%clk 0:30:27]} 43. Rc1
{[%clk 0:32:14]} R8c7 {[%clk 0:30:13]} 44. Rc4 {[%clk 0:31:32]} Kf6
{[%clk 0:30:15]} 45. Rc2 {[%clk 0:29:03]} Kf7 {[%clk 0:29:23]} 46. Rc3
{[%clk 0:24:27]} Rc8 {[%clk 0:29:02]} 47. Rc4 {[%clk 0:24:48]} Kf6
{[%clk 0:28:48]} 48. Rd4 {[%clk 0:23:56]} Rxc5 {[%clk 0:29:05]} 49. bxc5
{[%clk 0:24:19]} Rxc5 {[%clk 0:29:31]} 50. Ke4 {[%clk 0:23:41]} Ra5
{[%clk 0:29:30]} 51. Rd6+ {[%clk 0:24:02]} Kf7 {[%clk 0:29:53]} 52. Rb6
{[%clk 0:24:00]} Ra4+ {[%clk 0:29:19]} 53. Ke5 {[%clk 0:24:27]} Ra5+
{[%clk 0:29:32]} 54. Ke4 {[%clk 0:24:52]} Ra4+ {[%clk 0:29:58]} 55. Ke5
{[%clk 0:25:18]} Ra8 56. Ke4 1/2-1/2

[Event "Moscow Open A,B"]
[Site "?"]
[Date "2017.01.29"]
[Round "2.9"]
[White "Glek, Igor"]
[Black "Pridorozhni, Aleksei"]
[Result "1/2-1/2"]
[BlackElo "2568"]
[WhiteElo "2374"]
[LiveChessVersion "1.4.8"]

1. e4 {[%clk 1:23:48]} e5 {[%clk 1:30:54]} 2. Bc4 {[%clk 1:19:19]} Nf6
{[%clk 1:31:07]} 3. d3 {[%clk 1:19:44]} Nc6 {[%clk 1:30:21]} 4. Nc3
{[%clk 1:18:05]} Na5 {[%clk 1:30:18]} 5. a3 {[%clk 1:14:39]} Nxc4
{[%clk 1:30:31]} 6. dxc4 {[%clk 1:15:07]} d6 {[%clk 1:25:49]} 7. Nge2
{[%clk 1:11:27]} Be7 {[%clk 1:24:46]} 8. O-O {[%clk 1:06:39]} O-O
{[%clk 1:23:52]} 9. Ng3 {[%clk 1:00:32]} c6 {[%clk 1:07:22]} 10. Qe2
{[%clk 0:57:40]} Re8 {[%clk 1:06:42]} 11. Rd1 {[%clk 0:53:11]} Qc7
{[%clk 1:05:52]} 12. a4 {[%clk 0:36:40]} a5 {[%clk 0:58:03]} 13. b3
{[%clk 0:20:02]} Bf8 {[%clk 0:55:24]} 14. Rd3 {[%clk 0:16:33]} g6
{[%clk 0:51:39]} 15. Bg5 {[%clk 0:12:38]} Nd7 {[%clk 0:51:27]} 16. Qe3
{[%clk 0:12:07]} Qb6 {[%clk 0:49:19]} 17. Qd2 {[%clk 0:04:42]} Nc5
{[%clk 0:48:36]} 18. Nh5 {[%clk 0:04:22]} Nxd3 {[%clk 0:42:44]} 19. Nf6+
{[%clk 0:04:44]} Kh8 {[%clk 0:43:10]} 20. Nxe8 {[%clk 0:04:07]} Be6
{[%clk 0:42:11]} 21. Be3 {[%clk 0:01:44]} Nc5 {[%clk 0:38:37]} 22. Nxd6
{[%clk 0:01:00]} Kg8 {[%clk 0:39:02]} 23. Bg5 {[%clk 0:00:41]} Qc7
{[%clk 0:22:46]} 24. Rd1 {[%clk 0:01:01]} Nd7 {[%clk 0:23:07]} 25. h3
{[%clk 0:00:47]} f6 {[%clk 0:23:03]} 26. Be3 {[%clk 0:01:05]} b6 {[%clk 0:23:15]}
27. c5 {[%clk 0:00:43]} Nxc5 {[%clk 0:19:34]} 28. Bxc5 {[%clk 0:01:00]} bxc5
{[%clk 0:19:59]} 29. Nc4 {[%clk 0:01:18]} Bxc4 {[%clk 0:13:31]} 30. bxc4
{[%clk 0:01:47]} Rb8 {[%clk 0:13:56]} 31. Ne2 {[%clk 0:00:44]} Rb4
{[%clk 0:13:54]} 32. c3 {[%clk 0:00:49]} Rb8 {[%clk 0:12:30]} 33. Nc1
{[%clk 0:00:59]} Qf7 {[%clk 0:12:15]} 34. Qa2 {[%clk 0:01:11]} Qb7
{[%clk 0:12:40]} 35. Qe2 {[%clk 0:00:47]} Be7 {[%clk 0:12:15]} 36. Qg4
{[%clk 0:00:55]} Kf7 {[%clk 0:10:46]} 37. Kh2 {[%clk 0:00:36]} h5
{[%clk 0:09:18]} 38. Qf3 {[%clk 0:00:42]} Qb2 {[%clk 0:07:04]} 39. Qe3
{[%clk 0:00:50]} Rd8 {[%clk 0:07:10]} 40. Rxd8 {[%clk 0:30:55]} Bxd8
{[%clk 0:37:36]} 41. Ne2 {[%clk 0:07:29]} Qc2 {[%clk 0:34:42]} 42. Ng3
{[%clk 0:07:18]} Be7 {[%clk 0:32:27]} 43. Qh6 {[%clk 0:01:03]} Bf8
{[%clk 0:32:15]} 44. Qh7+ {[%clk 0:01:04]} Bg7 {[%clk 0:32:40]} 45. Nxh5
{[%clk 0:01:20]} gxh5 {[%clk 0:33:05]} 46. Qxh5+ {[%clk 0:01:48]} Kf8
{[%clk 0:28:05]} 47. Qf5 {[%clk 0:02:12]} Qd3 {[%clk 0:28:29]} 48. Qc8+
{[%clk 0:01:51]} Kf7 {[%clk 0:28:54]} 49. Qxc6 {[%clk 0:01:44]} Kg6
{[%clk 0:26:10]} 50. Qe8+ {[%clk 0:01:13]} Kh6 {[%clk 0:23:19]} 51. g4
{[%clk 0:01:26]} Kh7 {[%clk 0:23:45]} 52. Qh5+ {[%clk 0:01:52]} Kg8
{[%clk 0:24:11]} 53. Qe8+ {[%clk 0:02:19]} Bf8 {[%clk 0:24:36]} 54. Qg6+
{[%clk 0:02:37]} Kh8 {[%clk 0:22:39]} 55. Qxf6+ {[%clk 0:01:33]} Bg7
{[%clk 0:23:05]} 56. Qf5 {[%clk 0:00:41]} Qxc4 {[%clk 0:22:22]} 57. Qh5+
{[%clk 0:00:49]} Kg8 {[%clk 0:22:47]} 58. Qe8+ {[%clk 0:01:16]} Kh7
{[%clk 0:23:12]} 59. Qh5+ {[%clk 0:01:41]} Kg8 {[%clk 0:23:25]} 60. Qe8+
{[%clk 0:02:06]} Kh7 {[%clk 0:23:01]} 61. Qh5+ 1/2-1/2

[Event "Moscow Open A,B"]
[Site "?"]
[Date "2017.01.29"]
[Round "2.10"]
[White "Stupak, Kirill"]
[Black "Schekachikhin, Maksim"]
[Result "1-0"]
[BlackElo "2364"]
[WhiteElo "2562"]
[LiveChessVersion "1.4.8"]

1. c4 {[%clk 1:23:47]} Nf6 {[%clk 1:28:14]} 2. g3 {[%clk 1:24:08]} c5
{[%clk 1:25:20]} 3. Bg2 {[%clk 1:24:32]} e6 {[%clk 1:22:20]} 4. Nf3
{[%clk 1:24:54]} Nc6 {[%clk 1:12:56]} 5. O-O {[%clk 1:25:14]} Be7
{[%clk 1:05:03]} 6. d4 {[%clk 1:25:17]} cxd4 {[%clk 1:05:24]} 7. Nxd4
{[%clk 1:25:45]} O-O {[%clk 1:04:55]} 8. Nc3 {[%clk 1:26:12]} a6 {[%clk 1:02:19]}
9. b3 {[%clk 1:26:25]} Qc7 {[%clk 0:55:51]} 10. Bb2 {[%clk 1:25:56]} d6
{[%clk 0:53:32]} 11. Rc1 {[%clk 1:26:25]} Nxd4 {[%clk 0:53:55]} 12. Qxd4
{[%clk 1:26:48]} Bd7 {[%clk 0:52:12]} 13. Rfd1 {[%clk 1:27:16]} Rfd8
{[%clk 0:49:58]} 14. h3 {[%clk 1:22:13]} Rab8 {[%clk 0:44:35]} 15. g4
{[%clk 1:18:10]} h6 {[%clk 0:43:38]} 16. Qe3 {[%clk 1:15:49]} Qa5
{[%clk 0:39:47]} 17. a3 {[%clk 1:10:06]} Re8 {[%clk 0:28:21]} 18. b4
{[%clk 1:01:51]} Qc7 {[%clk 0:28:08]} 19. Qd4 {[%clk 1:00:28]} Bf8
{[%clk 0:24:52]} 20. f4 {[%clk 0:54:22]} Rbc8 {[%clk 0:20:41]} 21. g5
{[%clk 0:52:52]} hxg5 {[%clk 0:20:41]} 22. fxg5 {[%clk 0:52:52]} Nh5
{[%clk 0:20:41]} 23. Qh4 {[%clk 0:49:44]} g6 {[%clk 0:15:18]} 24. Ne4
{[%clk 0:49:58]} Bc6 {[%clk 0:13:07]} 25. Nf6+ {[%clk 0:46:42]} Nxf6
{[%clk 0:12:56]} 26. Bxf6 {[%clk 0:47:09]} Bg7 {[%clk 0:13:04]} 27. Bxc6
{[%clk 0:41:12]} Qxc6 {[%clk 0:12:31]} 28. Rd4 {[%clk 0:41:25]} Qb6
{[%clk 0:09:27]} 29. c5 {[%clk 0:40:43]} dxc5 {[%clk 0:09:27]} 30. Bxg7
{[%clk 0:40:59]} Kxg7 {[%clk 0:04:46]} 31. Qh6+ {[%clk 0:41:23]} Kg8
{[%clk 0:05:14]} 32. Rh4 {[%clk 0:41:45]} 1-0

[Event "Moscow Open A,B"]
[Site "?"]
[Date "2017.01.29"]
[Round "2.11"]
[White "Mischuk, Dmitry"]
[Black "Gordievsky, Dmitry"]
[Result "0-1"]
[BlackElo "2562"]
[WhiteElo "2374"]
[LiveChessVersion "1.4.8"]

1. e4 {[%clk 1:30:56]} c5 {[%clk 1:30:50]} 2. Nf3 {[%clk 1:31:13]} d6
{[%clk 1:31:03]} 3. d4 {[%clk 1:31:37]} cxd4 {[%clk 1:31:26]} 4. Nxd4
{[%clk 1:32:03]} Nf6 {[%clk 1:31:48]} 5. Nc3 {[%clk 1:32:29]} a6 {[%clk 1:32:05]}
6. Nb3 {[%clk 1:32:23]} Nc6 {[%clk 1:27:32]} 7. Be3 {[%clk 1:29:52]} e6
{[%clk 1:19:56]} 8. g4 {[%clk 1:25:32]} b5 {[%clk 1:17:44]} 9. g5
{[%clk 1:23:46]} Nd7 {[%clk 1:15:54]} 10. Bg2 {[%clk 1:23:27]} Bb7
{[%clk 1:14:49]} 11. Qe2 {[%clk 1:21:50]} Rc8 {[%clk 1:13:07]} 12. O-O-O
{[%clk 1:16:36]} Nce5 {[%clk 1:11:19]} 13. f4 {[%clk 1:12:49]} Nc4
{[%clk 1:11:39]} 14. h4 {[%clk 0:28:16]} b4 {[%clk 1:06:48]} 15. Nb1
{[%clk 0:26:54]} Qc7 {[%clk 1:03:42]} 16. Rh3 {[%clk 0:26:43]} a5
{[%clk 1:03:18]} 17. Nd4 {[%clk 0:27:04]} Ba6 {[%clk 1:01:43]} 18. Qf2
{[%clk 0:27:16]} e5 {[%clk 1:00:12]} 19. Nf5 {[%clk 0:22:44]} g6 {[%clk 1:00:20]}
20. b3 {[%clk 0:20:53]} gxf5 {[%clk 0:46:53]} 21. bxc4 {[%clk 0:21:07]} Bxc4
{[%clk 0:47:19]} 22. exf5 {[%clk 0:20:52]} Bxa2 {[%clk 0:47:38]} 23. fxe5
{[%clk 0:08:41]} dxe5 {[%clk 0:47:02]} 24. h5 {[%clk 0:04:01]} b3
{[%clk 0:46:49]} 25. c3 {[%clk 0:03:12]} Ba3+ {[%clk 0:47:01]} 26. Kd2
{[%clk 0:03:04]} Bxb1 {[%clk 0:47:23]} 27. Bd4 {[%clk 0:01:46]} exd4
{[%clk 0:46:37]} 28. Qxd4 {[%clk 0:02:10]} Ne5 {[%clk 0:46:01]} 29. Rxb1
{[%clk 0:02:07]} O-O {[%clk 0:43:24]} 30. Bd5 {[%clk 0:02:17]} Rcd8
{[%clk 0:42:03]} 31. Ke2 {[%clk 0:01:44]} Rfe8 {[%clk 0:40:58]} 32. Re3
{[%clk 0:01:27]} Bc5 {[%clk 0:41:09]} 0-1

[Event "Moscow Open A,B"]
[Site "?"]
[Date "2017.01.29"]
[Round "2.12"]
[White "Morovic Fernandez, Ivan"]
[Black "Yandemirov, Valeri"]
[Result "1/2-1/2"]
[BlackElo "2356"]
[WhiteElo "2550"]
[LiveChessVersion "1.4.8"]

1. e4 {[%clk 1:14:35]} e6 {[%clk 1:30:25]} 2. d4 {[%clk 1:14:59]} d5
{[%clk 1:30:50]} 3. Nc3 {[%clk 1:15:26]} dxe4 {[%clk 1:30:37]} 4. Nxe4
{[%clk 1:15:52]} Nd7 {[%clk 1:31:02]} 5. Nf3 {[%clk 1:16:17]} Ngf6
{[%clk 1:31:27]} 6. Nxf6+ {[%clk 1:16:34]} Nxf6 {[%clk 1:31:51]} 7. c3
{[%clk 1:17:01]} c5 {[%clk 1:21:21]} 8. Ne5 {[%clk 1:16:15]} a6 {[%clk 1:21:22]}
9. Be3 {[%clk 1:15:23]} Qc7 {[%clk 1:20:30]} 10. Qa4+ {[%clk 1:14:32]} Nd7
{[%clk 1:09:03]} 11. Bb5 {[%clk 1:10:43]} cxd4 {[%clk 0:57:08]} 12. Bxd7+
{[%clk 1:09:49]} Bxd7 {[%clk 0:56:46]} 13. Qxd4 {[%clk 1:10:01]} f6
{[%clk 0:50:14]} 14. Nxd7 {[%clk 1:06:53]} Qxd7 {[%clk 0:48:05]} 15. Qxd7+
{[%clk 1:07:00]} Kxd7 {[%clk 0:48:30]} 16. O-O-O+ {[%clk 1:07:24]} Kc7
{[%clk 0:47:51]} 17. a4 {[%clk 1:06:42]} a5 {[%clk 0:46:37]} 18. Rd4
{[%clk 0:48:22]} Ra6 {[%clk 0:46:13]} 19. Rhd1 {[%clk 0:42:54]} Bd6
{[%clk 0:45:58]} 20. Rg4 {[%clk 0:31:37]} g6 {[%clk 0:34:18]} 21. Rh4
{[%clk 0:26:56]} Rc6 {[%clk 0:30:51]} 22. Bd4 {[%clk 0:13:51]} e5
{[%clk 0:24:17]} 23. Be3 {[%clk 0:14:18]} h5 {[%clk 0:23:07]} 24. Rd5
{[%clk 0:08:14]} f5 {[%clk 0:08:25]} 25. Rxa5 {[%clk 0:05:51]} f4
{[%clk 0:07:14]} 26. Bd2 {[%clk 0:06:17]} Rc5 {[%clk 0:06:31]} 27. Rxc5+
{[%clk 0:02:27]} Bxc5 {[%clk 0:06:57]} 28. Be1 {[%clk 0:02:14]} g5
{[%clk 0:03:49]} 29. Rh3 {[%clk 0:02:42]} e4 {[%clk 0:04:13]} 30. c4
{[%clk 0:02:23]} e3 {[%clk 0:03:49]} 31. Rf3 {[%clk 0:01:16]} Rd8
{[%clk 0:01:11]} 32. fxe3 {[%clk 0:00:52]} g4 {[%clk 0:01:24]} 33. Rf1
{[%clk 0:01:05]} Bxe3+ {[%clk 0:01:44]} 34. Kc2 {[%clk 0:01:33]} Kc6
{[%clk 0:02:03]} 35. Bc3 {[%clk 0:01:36]} h4 {[%clk 0:02:09]} 36. Be1
{[%clk 0:00:48]} Kc5 {[%clk 0:01:49]} 37. Bxh4 {[%clk 0:00:40]} Rd2+
{[%clk 0:01:53]} 38. Kc3 {[%clk 0:00:56]} Rxg2 {[%clk 0:02:05]} 39. Be7+
{[%clk 0:01:13]} Kc6 {[%clk 0:02:29]} 40. Bg5 {[%clk 0:30:56]} g3
{[%clk 0:30:50]} 41. Bxf4 {[%clk 0:13:30]} Rf2 {[%clk 0:29:56]} 42. Bxe3
{[%clk 0:13:12]} Rxf1 {[%clk 0:30:20]} 43. hxg3 {[%clk 0:13:39]} Rf3
{[%clk 0:30:44]} 44. Kd3 {[%clk 0:13:40]} Rxg3 {[%clk 0:30:57]} 45. a5
{[%clk 0:13:50]} Rg4 {[%clk 0:19:48]} 46. b4 {[%clk 0:14:11]} Kc7
{[%clk 0:19:02]} 47. b5 {[%clk 0:13:55]} Kc8 {[%clk 0:19:00]} 48. Kc3
{[%clk 0:11:08]} Rg2 {[%clk 0:18:43]} 49. Ba7 {[%clk 0:10:48]} Rg3+
{[%clk 0:14:24]} 50. Kb4 {[%clk 0:11:07]} Rg5 {[%clk 0:14:42]} 51. Bd4
{[%clk 0:10:13]} Rh5 {[%clk 0:14:17]} 52. c5 {[%clk 0:09:45]} Rh1
{[%clk 0:13:52]} 53. Be5 {[%clk 0:08:02]} Re1 {[%clk 0:12:25]} 54. Bd4
{[%clk 0:06:15]} Rc1 {[%clk 0:09:14]} 55. Bc3 {[%clk 0:05:10]} Rb1+
{[%clk 0:07:52]} 56. Kc4 {[%clk 0:04:56]} Rc1 {[%clk 0:07:51]} 57. Kb3
{[%clk 0:02:08]} Rh1 {[%clk 0:06:35]} 58. Kc4 {[%clk 0:01:05]} Rc1
{[%clk 0:06:38]} 59. Kb3 {[%clk 0:01:12]} Rh1 {[%clk 0:07:01]} 60. Bd4
{[%clk 0:00:37]} Rc1 {[%clk 0:03:41]} 61. Kb4 {[%clk 0:00:43]} Rd1
{[%clk 0:03:23]} 62. Be5 {[%clk 0:00:38]} Re1 {[%clk 0:03:20]} 63. Bd6
{[%clk 0:00:59]} Rb1+ {[%clk 0:03:30]} 64. Kc4 {[%clk 0:01:15]} Ra1
{[%clk 0:03:41]} 65. Kb4 {[%clk 0:01:21]} Rb1+ {[%clk 0:04:03]} 66. Kc4
{[%clk 0:01:46]} Ra1 {[%clk 0:04:27]} 67. Kb4 1/2-1/2

[Event "Moscow Open A,B"]
[Site "?"]
[Date "2017.01.29"]
[Round "2.13"]
[White "Sargissyan, Sargis"]
[Black "Paravyan, David"]
[Result "1/2-1/2"]
[BlackElo "2540"]
[WhiteElo "2363"]
[LiveChessVersion "1.4.8"]

1. e4 {[%clk 1:25:16]} c6 {[%clk 1:30:33]} 2. d4 {[%clk 1:25:13]} d5
{[%clk 1:30:57]} 3. e5 {[%clk 1:25:37]} Bf5 {[%clk 1:31:24]} 4. h4
{[%clk 1:25:57]} h5 {[%clk 1:31:50]} 5. Bd3 {[%clk 1:26:16]} Bxd3
{[%clk 1:32:16]} 6. Qxd3 {[%clk 1:26:41]} Qa5+ {[%clk 1:32:43]} 7. Bd2
{[%clk 1:23:55]} Qa6 {[%clk 1:33:08]} 8. e6 {[%clk 1:24:10]} Qxd3
{[%clk 1:33:32]} 9. exf7+ {[%clk 1:21:36]} Kxf7 {[%clk 1:33:55]} 10. cxd3
{[%clk 1:22:01]} Nh6 {[%clk 1:32:11]} 11. Nf3 {[%clk 1:19:52]} Nd7
{[%clk 1:27:00]} 12. Bc3 {[%clk 0:58:27]} e6 {[%clk 1:20:55]} 13. Nbd2
{[%clk 0:51:04]} Bd6 {[%clk 1:16:45]} 14. O-O {[%clk 0:49:45]} Nf5
{[%clk 1:05:06]} 15. Rfe1 {[%clk 0:47:43]} Be7 {[%clk 1:03:36]} 16. g3
{[%clk 0:47:00]} Rhe8 {[%clk 0:46:06]} 17. Nf1 {[%clk 0:45:53]} b6
{[%clk 0:38:48]} 18. Ne3 {[%clk 0:44:41]} Bf6 {[%clk 0:38:32]} 19. a4
{[%clk 0:32:06]} Ne7 {[%clk 0:37:35]} 20. a5 {[%clk 0:17:33]} c5 {[%clk 0:37:40]}
21. Nc2 {[%clk 0:14:26]} Nc6 {[%clk 0:37:03]} 22. axb6 {[%clk 0:13:04]} axb6
{[%clk 0:37:23]} 23. Kg2 {[%clk 0:12:56]} Rec8 {[%clk 0:14:17]} 24. Ng5+
{[%clk 0:11:41]} Bxg5 {[%clk 0:14:43]} 25. hxg5 {[%clk 0:12:03]} g6
{[%clk 0:14:52]} 26. f4 {[%clk 0:07:42]} b5 {[%clk 0:14:47]} 27. Rxa8
{[%clk 0:06:45]} Rxa8 {[%clk 0:15:12]} 28. dxc5 {[%clk 0:07:11]} Nxc5
{[%clk 0:15:29]} 29. Rd1 {[%clk 0:06:24]} Ra2 {[%clk 0:11:54]} 30. Kf3
{[%clk 0:05:32]} Na4 {[%clk 0:09:43]} 31. Nd4 {[%clk 0:05:48]} Nxc3
{[%clk 0:10:03]} 32. bxc3 {[%clk 0:06:13]} Nxd4+ {[%clk 0:10:30]} 33. cxd4
{[%clk 0:06:35]} Ra7 {[%clk 0:09:35]} 34. Rb1 {[%clk 0:04:04]} Rb7
{[%clk 0:10:01]} 35. Ke3 {[%clk 0:02:16]} Ke7 {[%clk 0:10:19]} 36. Kd2
{[%clk 0:02:23]} Kd6 {[%clk 0:10:30]} 37. Ra1 {[%clk 0:01:11]} b4
{[%clk 0:10:15]} 38. Kc2 {[%clk 0:00:33]} Rc7+ {[%clk 0:10:28]} 39. Kb2
{[%clk 0:00:33]} Rc3 {[%clk 0:10:11]} 40. Ra6+ {[%clk 0:30:42]} Kd7
{[%clk 0:39:56]} 41. Ra7+ {[%clk 0:29:43]} Kc6 {[%clk 0:39:19]} 42. Ra6+
{[%clk 0:27:47]} Kb5 {[%clk 0:33:42]} 43. Rxe6 {[%clk 0:27:46]} Rxd3
{[%clk 0:34:02]} 44. Rxg6 {[%clk 0:23:28]} Rxg3 {[%clk 0:32:15]} 45. Rh6
{[%clk 0:16:03]} Rg2+ {[%clk 0:22:41]} 46. Kb3 {[%clk 0:16:01]} Rg3+
{[%clk 0:23:09]} 47. Kb2 {[%clk 0:16:24]} Rg2+ {[%clk 0:21:32]} 1/2-1/2

[Event "Moscow Open A,B"]
[Site "?"]
[Date "2017.01.29"]
[Round "2.14"]
[White "Zubkov, Vsevolod"]
[Black "Sviridov, Valery"]
[Result "0-1"]
[BlackElo "2515"]
[WhiteElo "2355"]
[LiveChessVersion "1.4.8"]

1. d4 {[%clk 1:27:53]} Nf6 {[%clk 1:30:47]} 2. Nf3 {[%clk 1:28:10]} g6
{[%clk 1:30:53]} 3. Bg5 {[%clk 1:27:51]} Bg7 {[%clk 1:31:06]} 4. Nbd2
{[%clk 1:28:14]} O-O {[%clk 1:30:32]} 5. c3 {[%clk 1:28:41]} d6 {[%clk 1:30:21]}
6. e4 {[%clk 1:29:05]} Nc6 {[%clk 1:30:03]} 7. Bc4 {[%clk 1:21:28]} h6
{[%clk 1:27:09]} 8. Bh4 {[%clk 1:21:28]} e5 {[%clk 1:22:30]} 9. dxe5
{[%clk 1:21:20]} Nxe5 {[%clk 1:22:30]} 10. Nxe5 {[%clk 1:21:34]} dxe5
{[%clk 1:22:53]} 11. O-O {[%clk 1:20:54]} Qe7 {[%clk 1:21:20]} 12. Qb3
{[%clk 1:11:04]} c6 {[%clk 1:02:54]} 13. a4 {[%clk 1:11:23]} g5 {[%clk 1:03:08]}
14. Bg3 {[%clk 1:11:49]} Nh5 {[%clk 1:03:28]} 15. Rfd1 {[%clk 0:59:37]} Qc5
{[%clk 0:58:41]} 16. Nf1 {[%clk 0:58:04]} Nf6 {[%clk 0:58:25]} 17. Re1
{[%clk 0:52:20]} a5 {[%clk 0:57:13]} 18. Rad1 {[%clk 0:35:11]} Rb8
{[%clk 0:53:10]} 19. Rd2 {[%clk 0:27:07]} b5 {[%clk 0:49:02]} 20. axb5
{[%clk 0:27:34]} a4 {[%clk 0:48:36]} 21. Qb4 {[%clk 0:24:13]} Qxb4
{[%clk 0:48:55]} 22. cxb4 {[%clk 0:24:42]} cxb5 {[%clk 0:49:14]} 23. Bxe5
{[%clk 0:25:05]} Rb7 {[%clk 0:35:46]} 24. Ba2 {[%clk 0:21:47]} Re8
{[%clk 0:32:23]} 25. Bc3 {[%clk 0:20:52]} Be6 {[%clk 0:31:27]} 26. Bxe6
{[%clk 0:18:45]} Rxe6 {[%clk 0:31:50]} 27. Ng3 {[%clk 0:17:42]} Nd7
{[%clk 0:29:26]} 28. Bxg7 {[%clk 0:13:53]} Kxg7 {[%clk 0:27:27]} 29. Nf5+
{[%clk 0:14:21]} Kg6 {[%clk 0:27:30]} 30. Nd6 {[%clk 0:14:44]} Rb6
{[%clk 0:27:31]} 31. Nxf7 {[%clk 0:08:05]} Nf6 {[%clk 0:22:24]} 32. Nd8
{[%clk 0:06:19]} Rbd6 {[%clk 0:18:31]} 33. Nxe6 {[%clk 0:01:42]} Rxd2
{[%clk 0:18:55]} 34. Nc7 {[%clk 0:01:34]} Rxb2 {[%clk 0:13:53]} 35. Nxb5
{[%clk 0:00:39]} Nxe4 {[%clk 0:10:36]} 36. f3 {[%clk 0:00:52]} Nd2
{[%clk 0:10:04]} 37. Nc3 {[%clk 0:00:33]} a3 {[%clk 0:10:17]} 38. Ra1
{[%clk 0:00:31]} Nc4 {[%clk 0:09:48]} 39. Kf1 {[%clk 0:00:31]} Ne3+
{[%clk 0:09:17]} 40. Kg1 {[%clk 0:30:54]} Rxg2+ {[%clk 0:39:19]} 41. Kh1
{[%clk 0:29:37]} Rc2 {[%clk 0:39:21]} 42. Na4 {[%clk 0:28:01]} a2
{[%clk 0:39:01]} 43. b5 {[%clk 0:28:17]} Nc4 {[%clk 0:37:37]} 44. b6
{[%clk 0:26:54]} Nxb6 {[%clk 0:37:52]} 45. Nxb6 {[%clk 0:27:23]} Rb2
{[%clk 0:38:12]} 46. Rxa2 {[%clk 0:27:51]} Rxa2 {[%clk 0:38:36]} 0-1

[Event "Moscow Open A,B"]
[Site "?"]
[Date "2017.01.29"]
[Round "2.15"]
[White "Atabayev, Maksat"]
[Black "Boiarintsev, Vitaly"]
[Result "1-0"]
[BlackElo "2391"]
[WhiteElo "2492"]
[LiveChessVersion "1.4.8"]

1. e4 {[%clk 1:30:56]} e5 {[%clk 1:23:46]} 2. Nf3 {[%clk 1:31:03]} Nc6
{[%clk 1:24:08]} 3. Bb5 {[%clk 1:31:24]} d6 {[%clk 1:22:38]} 4. d4
{[%clk 1:31:23]} Bd7 {[%clk 1:22:47]} 5. Nc3 {[%clk 1:31:44]} Nf6
{[%clk 1:04:20]} 6. O-O {[%clk 1:31:16]} Be7 {[%clk 1:04:41]} 7. Re1
{[%clk 1:30:49]} O-O {[%clk 1:04:15]} 8. d5 {[%clk 1:24:31]} Nb8 {[%clk 1:03:59]}
9. Bxd7 {[%clk 1:24:46]} Nbxd7 {[%clk 1:03:55]} 10. Na4 {[%clk 1:25:12]} b5
{[%clk 0:47:58]} 11. Nc3 {[%clk 1:24:29]} a6 {[%clk 0:48:16]} 12. a4
{[%clk 1:21:49]} b4 {[%clk 0:47:13]} 13. Na2 {[%clk 1:22:07]} a5 {[%clk 0:45:10]}
14. c3 {[%clk 1:22:26]} c6 {[%clk 0:24:36]} 15. dxc6 {[%clk 1:13:20]} Nc5
{[%clk 0:24:49]} 16. cxb4 {[%clk 1:13:46]} axb4 {[%clk 0:25:07]} 17. Nxb4
{[%clk 1:13:38]} Ncxe4 {[%clk 0:25:17]} 18. Qc2 {[%clk 0:52:38]} Nc5
{[%clk 0:04:26]} 19. Bg5 {[%clk 0:48:11]} Rc8 {[%clk 0:01:31]} 20. Bxf6
{[%clk 0:44:43]} Bxf6 {[%clk 0:01:54]} 21. Nd2 {[%clk 0:45:06]} Qb6
{[%clk 0:01:38]} 22. Qc4 {[%clk 0:34:53]} e4 {[%clk 0:01:44]} 23. Nxe4
{[%clk 0:30:16]} Nxe4 {[%clk 0:01:08]} 24. Qxe4 {[%clk 0:30:28]} d5
{[%clk 0:00:43]} 25. Nxd5 {[%clk 0:30:28]} Qxb2 {[%clk 0:00:59]} 26. Rab1
{[%clk 0:30:32]} Qa3 {[%clk 0:00:40]} 27. Nxf6+ {[%clk 0:30:45]} gxf6
{[%clk 0:00:57]} 28. Re3 {[%clk 0:29:43]} Qc5 {[%clk 0:01:12]} 29. Rg3+
{[%clk 0:29:52]} 1-0